| 000 | 00498cam a2200193ua 4500 | ||
|---|---|---|---|
| 020 | _c3.25 | ||
| 041 |
_aeng _h |
||
| 082 |
_a028.73423 _bWES/NE |
||
| 100 | _aWest, Michael Philip . | ||
| 245 |
_aNew method english dictionary / _cMichael Philip West. _hTextual Documents |
||
| 250 |
_a2 / _b. |
||
| 260 |
_aLondon : _bOrient-Longman Ltd , _c1962. |
||
| 300 | _a348 ; . | ||
| 365 | _a3.25 | ||
| 504 | _a | ||
| 700 | 1 | _aEndicott, James Gareth . | |
| 942 | _cBK | ||
| 999 |
_c10175 _d10175 |
||